<?xml version="1.0" encoding="UTF-8"?>
<collection xmlns:xsi="http://www.w3.org/2001/XMLSchema-instance" xsi:schemaLocation="http://www.loc.gov/MARC21/slim http://www.loc.gov/standards/marcxml/schema/MARC21slim.xsd" xmlns="http://www.loc.gov/MARC21/slim">
 <record>
  <leader>00000cam a22000004i 4500</leader>
  <controlfield tag="001">UP-1685523046126336437</controlfield>
  <controlfield tag="003">Buklod</controlfield>
  <controlfield tag="005">20191122094701.0</controlfield>
  <controlfield tag="006">m    |o  d |      </controlfield>
  <controlfield tag="007">cr |||||||||||</controlfield>
  <controlfield tag="008">140503t20152015paua    rb   |001 0|eng d</controlfield>
  <datafield tag="020" ind1=" " ind2=" ">
   <subfield code="a">9781455726134 (hardback : alk. paper)</subfield>
  </datafield>
  <datafield tag="035" ind1=" " ind2=" ">
   <subfield code="a">(iLib)UPMNL-00016535357</subfield>
  </datafield>
  <datafield tag="037" ind1=" " ind2=" ">
   <subfield code="a">De-5361</subfield>
   <subfield code="b">C&amp;E Publishing</subfield>
   <subfield code="c">Php6,995.00</subfield>
  </datafield>
  <datafield tag="040" ind1=" " ind2=" ">
   <subfield code="a">DNLM/DLC</subfield>
   <subfield code="b">eng</subfield>
   <subfield code="c">DLC</subfield>
   <subfield code="e">rda</subfield>
   <subfield code="d">DLC</subfield>
  </datafield>
  <datafield tag="041" ind1=" " ind2=" ">
   <subfield code="a">eng</subfield>
  </datafield>
  <datafield tag="042" ind1=" " ind2=" ">
   <subfield code="a">pcc</subfield>
  </datafield>
  <datafield tag="090" ind1=" " ind2=" ">
   <subfield code="a">RB 111</subfield>
   <subfield code="b">R62 2015</subfield>
  </datafield>
  <datafield tag="245" ind1="0" ind2="0">
   <subfield code="a">Robbins and Cotran pathologic basis of disease</subfield>
   <subfield code="c">[edited by] Vinay Kumar, MBBS, MD, FRCPath, Donald N. Pritzker Professor and Chairman, Department of Pathology, Biologic Sciences Division and The Pritzker School of Medicine, The University of Chicago, Chicago, Illinois, Abul K. Abbas, MBBS, Distinguished Professor and Chair, Department of Pathology, University of California San Francisco, San Francisco, California, Jon C. Aster, Professor of Pathology, Harvard Medical School, Brigham and Women's Hospital, Boston, Massachusetts ; with illustrations by James A. Perkins, MS, MFA.</subfield>
  </datafield>
  <datafield tag="246" ind1="1" ind2=" ">
   <subfield code="a">Pathologic basis of disease</subfield>
  </datafield>
  <datafield tag="250" ind1=" " ind2=" ">
   <subfield code="a">Ninth edition.</subfield>
  </datafield>
  <datafield tag="264" ind1=" " ind2="1">
   <subfield code="a">Philadelphia, PA</subfield>
   <subfield code="b">Elsevier/Saunders</subfield>
   <subfield code="c">c2015.</subfield>
  </datafield>
  <datafield tag="264" ind1=" " ind2="4">
   <subfield code="c">©2015</subfield>
  </datafield>
  <datafield tag="300" ind1=" " ind2=" ">
   <subfield code="a">axvi, 1391 pages</subfield>
   <subfield code="b">illustrations (chiefly color)</subfield>
   <subfield code="c">29 cm</subfield>
  </datafield>
  <datafield tag="336" ind1=" " ind2=" ">
   <subfield code="a">atext</subfield>
   <subfield code="2">rdacontent</subfield>
  </datafield>
  <datafield tag="504" ind1=" " ind2=" ">
   <subfield code="a">aIncludes bibliographical references and index.</subfield>
  </datafield>
  <datafield tag="505" ind1="0" ind2=" ">
   <subfield code="a">aThe cell as a unit of health and disease -- Cellular responses to stress and toxic insults: adaptation, injury, and death -- Inflammation and repair -- Hemodynamic disorders, thromboembolic disease, and shock -- Genetic disorders -- Diseases of the immune system -- Neoplasia -- Infectious diseases -- Environmental and nutritional diseases -- Diseases of infancy and childhood -- Blood vessels -- The heart -- Diseases of white blood cells, lymph nodes, spleen, and thymus -- Red blood cell and bleeding disorders -- The lung -- Head and neck -- The gastrointestional tract -- Liver and gallbladder -- The pancreas -- The kidney -- The lower urinary tract and male genital system -- The female genital tract -- The breast -- The endocrine system -- The skin -- Bones, joints, and soft tissue tumors -- Peripheral nerves and skeletal muscles -- The central nervous system -- The eye.</subfield>
  </datafield>
  <datafield tag="650" ind1="0" ind2="0">
   <subfield code="a">aPathology.</subfield>
  </datafield>
  <datafield tag="650" ind1="2" ind2="0">
   <subfield code="a">aPathologic Processes.</subfield>
  </datafield>
  <datafield tag="700" ind1="1" ind2=" ">
   <subfield code="a">aKumar, Vinay</subfield>
   <subfield code="d">1944-</subfield>
   <subfield code="e">editor.</subfield>
  </datafield>
  <datafield tag="700" ind1="1" ind2=" ">
   <subfield code="a">aAbbas, Abul K.</subfield>
   <subfield code="e">editor.</subfield>
  </datafield>
  <datafield tag="700" ind1="1" ind2=" ">
   <subfield code="a">aAster, Jon C.</subfield>
   <subfield code="e">editor.</subfield>
  </datafield>
  <datafield tag="905" ind1=" " ind2=" ">
   <subfield code="a">UPDent</subfield>
  </datafield>
  <datafield tag="852" ind1="0" ind2=" ">
   <subfield code="a">UPMNL</subfield>
   <subfield code="b">DENT</subfield>
   <subfield code="h">RB 111 R62 2015</subfield>
  </datafield>
  <datafield tag="942" ind1=" " ind2=" ">
   <subfield code="a">Book</subfield>
  </datafield>
 </record>
</collection>
